Random Barcelona Metro Stations on a Map - Statistics

General Stats
  • This quiz has been taken 621 times
  • The average score is 7 of 10
Answers on the Map
Answers color-coded by a green-red scale on the quiz's map according to % correct below.
 
Answer Stats
Líneas Stations % Correct
L4 Barceloneta
100%
L1 Bellvitge
100%
L4 Bogatell
100%
L9 Nord, L10 Bon Pastor
100%
L1, L3, L6, L7 Catalunya
100%
L4 Ciutadella | Vila Olímpica
100%
L3, L5 Diagonal
100%
L5 El Carmel
100%
L1 Fabra i Puig
100%
L1, L9 Nord Fondo
100%
L1 Glòries
100%
L1 Hospital de Bellvitge
100%
L1 Hostafrancs
100%
L10 La Salut
100%
L3 Liceu
100%
L2 Monumental
100%
L3 Mundet
100%
L2, L3 Paral·lel
100%
L2, L3, L4 Passeig de Gràcia
100%
L1, L5 Plaça de Sants
100%
L6 Sant Gervasi
100%
L6, L12 Sarrià
100%
L3, L5 Vall d'Hebron
100%
L9 Sud Aeroport T1
94%
L9 Sud Aeroport T2
92%
L7 Avinguda Tibidabo
92%
L7 Pàdua
92%
L1 Sant Andreu
92%
L1, L4 Urquinaona
92%
L5 Sant Pau | Dos de Maig
91%
L2 Badalona Pompeu Fabra
90%
L4 Jaume I
90%
L2, L4 La Pau
90%
L1, L3, L8 Espanya
89%
L6 Les Tres Torres
89%
L12 Reina Elisenda
89%
L5 Hospital Clínic
88%
L4, L5 Maragall
88%
L3 Poble Sec
88%
L1, L9 Sud Torrassa
88%
L1, L2 Clot
86%
L3, L9 Sud Zona Universitària
86%
L1 Navas
85%
L2 Sant Antoni
85%
L3 Vallcarca
85%
L9 Sud Can Tries | Gornal
83%
L3 Canyelles
83%
L3 Drassanes
83%
L3 Fontana
83%
L8 Ildefons Cerdà
83%
L1 Mercat Nou
83%
L9 Nord, L10 Onze de Setembre
83%
L3, L5 Sants Estació
83%
L4, L5 Verdaguer
83%
L9 Nord Can Zam
82%
L4 Girona
82%
L4 Joanic
82%
L6 La Bonanova
80%
L3 Les Corts
80%
L2 Tetuan
80%
L3, L4, L11 Trinitat Nova
80%
L1, L2 Universitat
80%
L4 Besòs Mar
79%
L6 Muntaner
79%
L1 Rocafort
79%
L2, L5 Sagrada Familia
79%
L1 Arc de Triomf
78%
L9 Sud Fira
78%
L3 Lesseps
78%
L3 Montbau
78%
L3 Plaça del Centre
78%
L1 Urgell
78%
L1 Baró de Viver
77%
L1 Florida
77%
L5 Entença
76%
L1, L8 Avinguda Carrilet
75%
L7 El Putxet
75%
L1 Marina
75%
L3 Palau Reial
75%
L9 Sud Parc Logístic
75%
L1 Santa Coloma
75%
L9 Nord Singuerlín
75%
L3 Tarragona
75%
L9 Sud El Prat Estació
71%
L3 Maria Cristina
71%
L5 Congrés
70%
L4 Llucmajor
70%
L7 Plaça Molina
70%
L1 Rambla Just Oliveras
70%
L1 Santa Eulàlia
70%
L8, L9 Sud Europa | Fira
69%
L2 Sant Martí
69%
L5 Can Boixeres
67%
L1 Can Serra
67%
L5, L9 Sud Collblanc
67%
L5 Cornellà Centre
67%
L4 Poblenou
67%
L8 Sant Boi
67%
L5 Badal
64%
L5 Camp de l'Arpa
64%
L4 Guinardó Hospital de Sant Pau
64%
L3 Roquetes
64%
L1 Torras i Bages
64%
L4 Via Júlia
64%
L5 Vilapicina
64%
L5 Horta
63%
L6, L7 Provença
63%
L1 Trinitat Vella
62%
L9 Sud Céntric
60%
L2, L10 Gorg
60%
L6, L7 Gràcia
60%
L9 Sud Mas Blau
60%
L8 Gornal
57%
L4 Llacuna
57%
L5 Virrei Amat
57%
L11 Can Cuiàs
56%
L5 El Coll | La Teixonera
56%
L4 El Maresme | Fòrum
56%
L9 Sud Mercabarna
56%
L9 Sud Parc Nou
56%
L3 Penitents
56%
L3 Valldaura
56%
L5 Gavarra
55%
L8 Sant Josep
55%
L4 Selva de Mar
55%
L2 Bac de Roda
50%
L11 Casa de l'Aigua
50%
L1, L5, L9 Nord, L10 La Sagrera
50%
L2 Pep Ventura
50%
L5 Pubilla Cases
50%
L5 Sant Ildefons
50%
L2 Sant Roc
50%
L4 Alfons X
44%
L2 Artigues | Sant Adrià
44%
L5 Can Vidalet
43%
L9 Sud Les Moreres
43%
L8 Moli Nou Ciutat Cooperativa
43%
L8 Almeda
40%
L8 Magòria-La Campana
40%
L4 Besòs
38%
L9 Nord Església Major
33%
L10 Llefià
33%
L2 Encants
30%
L9 Nord Santa Rosa
29%
L11 Ciutat Meridiana
25%
L11 Torre Baró | Vallbona
25%
L2 Verneda
25%
L9 Nord Can Peixauet
23%
L8 Cornellà Riera
21%
No matching quizzes found
Score Distribution
Percent of People with Each Score
Percentile by Number Answered
Your Score History
You have not taken this quiz